1653 1434 1981 1273 1485 1321 1606 1977 1293 1017 1145 1350 1447 1103 1168 1418 1568 1190 1374 1563 1586 1781 1457 1039 1371 1474 1319 1874 1622 1165 1943 1611 1437 1058 1265 1671 1506 1042 1208 1714 1139 1095 1011 1224 1946 1423 1975 1398 1837 1223 1077 1953 1345 1547 1078 1133 1449 1677 1197 1094 1291 1031 1552 1677 1887 1490 1795 1548 1439 1695 1356 1736 1056 1265 1314 1397 1877 1872 1859 1817 1449 1710 1751 1384 1352 1708 1907 1512 1857 1217 1136 1776 1044 1441 1196 1648 1566 1889 1615 BCNSPRNW ULIB Ver.6.0+V

เปลี่ยนเป็นภาษาไทย

Change to English
 แสดงรายละเอียดบรรณานุกรม
  กลับหน้าหลัก

Brief Record : Get Marc (ISO 2709) : E-mail record : QR code < ปิดหน้าต่าง
LEADER : 00000nam 2200000uu 4500
001    13399128296
003     ULIB
008    020711s2565 th a 000 0 tha d
020    ^a9789740340935
060    ^aW32.5^bอ623ก
100    ^aอานนท์ จำลองกุล
245    ^aกฎหมายและจริยธรรมสำหรับบุคลากรทางการแพทย์/^cอานนท์ จำลองกุล
250    ^aพิมพ์ครั้งที่ 2
260    ^aกรุงเทพฯ :^bสำนักพิมพ์จุฬาลงกรณ์มหาวิทยาลัย,^c2565
300    ^a165 หน้า;^b19 ซม.
650    ^aกฎหมายทางการแพทย์
650  0 ^aจริยธรรม
945    ^p170^l0^i009452
945    ^p170^l0^i009453
945    ^p170^l0^i009454
999    ^aประนอม เกษจรัล
รายการนี้ยังไม่มีแท็ก
คุณยังไม่ได้ล็อกอิน คุณสามารถมีกิจกรรมร่วมกับเว็บไซต์ได้ แต่ต้องล็อกอินก่อน ::
  ล็อกอิน

รายการสื่อสารสนเทศ

ลำดับที่ ประเภท เลขเรียก/บาร์โค้ด สถานที่ สถานะ
1. Book การพยาบาล
หนังสือสำรอง
สถานะ=หนังสือสำรอง
W32.5 อ623ก ฉ.1 
  Barcode: 009452
ห้องสมุดวิทยาเขตสวรรค์ประชารักษ์
►หนังสือทั่วไป
บนชั้น
2. Book การพยาบาล
Book การพยาบาล
W32.5 อ623ก ฉ.2 
  Barcode: 009453
ห้องสมุดวิทยาเขตสวรรค์ประชารักษ์
►หนังสือทั่วไป
บนชั้น
3. Book การพยาบาล
Book การพยาบาล
W32.5 อ623ก ฉ.3 
  Barcode: 009454
ห้องสมุดวิทยาเขตสวรรค์ประชารักษ์
►หนังสือทั่วไป
บนชั้น

รายการใกล้เคียง
    ผู้แต่ง [อานนท์ จำลองกุล]

    หัวเรื่อง [กฎหมายทางการแพทย์]
    หัวเรื่อง [จริยธรรม]

BibComment


ยังไม่เคยถูกคอมเมนท์

คอมเมนท์ทรัพยากรรายการนี้
  คอมเมนท์: กฎหมายและจริยธรร..


 Copyright 2026. Bcnsprnw @Library